Most Popular Songs in USA 2/15/2025 - Statistics

General Stats
  • This quiz has been taken 17 times
  • The average score is 10 of 15
Answer Stats
Rank Artist (Version) Answer Streams Radio Airplay Sales % Correct
14. Sabrina Carpenter Espresso 12.9 Million 50.5 Million 4 Thousand
100%
6. Rose, Bruno Mars APT. 19 Million 50.7 Million 6.5 Thousand
88%
9. Benson Boone Beautiful Things 16 Million 43 Million 14 Thousand
81%
4. Billie Eilish Birds Of A Feather 19.2 Million 53.9 Million 7.5 Thousand
81%
1. Lady GaGa, Bruno Mars Die With A Smile 28.3 Million 62.2 Million 10 Thousand
81%
15. Kendrick Lamar Not Like Us 19 Million 15.7 Million 6 Thousand
75%
5. Shaboozey A Bar Song (Tipsy) 17.9 Million 61.7 Million 8.5 Thousand
69%
3. Kendrick Lamar, SZA Luther 22.1 Million 40.9 Million 1.5 Thousand
69%
13. Gracie Abrams That's So True 15.4 Million 36.9 Million 2 Thousand
69%
8. Teddy Swims Lose Control 18.8 Million 44.4 Million 7.5 Thousand
63%
7. The Weeknd, Playboi Carti Timeless 20.3 Million 25.6 Million 1 Thousand
56%
10. Kendrick Lamar TV Off 20.3 Million 23.5 Million 1.5 Thousand
50%
11. Morgan Wallen Love Somebody 15.4 Million 43.3 Million 3.5 Thousand
44%
2. Morgan Wallen I'm The Problem 29 Million 11.2 Million 15 Thousand
19%
12. The Weeknd Cry For Me 19.3 Million 8.7 Million 1 Thousand
13%
No matching quizzes found
Score Distribution
Percent of People with Each Score
Percentile by Number Answered
Your Score History
You have not taken this quiz